Đắc nhân tâm - Thuật đắc nhân tâm dụng nhân
Trình bày một số kỹ năng cơ bản trong thuật đối nhân xử thế và các kỹ năng giao tiếp ứng xử trong mối quan hệ gia đình, vợ chồng, bạn bè, đồng nghiệp...
保存先:
| 第一著者: | |
|---|---|
| その他の著者: | |
| 言語: | Undetermined |
| 出版事項: |
Hà Nội
Dân trí,Công ty Văn hoá Huy Hoàng
2017
|
| 主題: | |
| タグ: |
タグ追加
タグなし, このレコードへの初めてのタグを付けませんか!
|
| Thư viện lưu trữ: | Trung tâm Học liệu Trường Đại học Trà Vinh |
|---|
| LEADER | 00943nam a2200253Ia 4500 | ||
|---|---|---|---|
| 001 | TVU_29113 | ||
| 008 | 210423s9999 xx 000 0 und d | ||
| 020 | |a 9786048821562 | ||
| 041 | |a Vie | ||
| 082 | |a 158.1 | ||
| 082 | |b D139 | ||
| 100 | |a Dale, Carnegie | ||
| 245 | 0 | |a Đắc nhân tâm - Thuật đắc nhân tâm dụng nhân | |
| 245 | 0 | |c Carnegie Dale ; Tâm An (dịch) | |
| 260 | |a Hà Nội | ||
| 260 | |b Dân trí,Công ty Văn hoá Huy Hoàng | ||
| 260 | |c 2017 | ||
| 300 | |a 287 tr. | ||
| 300 | |c 21 cm | ||
| 520 | |a Trình bày một số kỹ năng cơ bản trong thuật đối nhân xử thế và các kỹ năng giao tiếp ứng xử trong mối quan hệ gia đình, vợ chồng, bạn bè, đồng nghiệp... | ||
| 650 | |a Bí quyết thành công; Đắc nhân tâm; Tâm lí học ứng dụng | ||
| 700 | |a Carnegie Dale; Tâm An | ||
| 700 | |e dịch | ||
| 980 | |a Trung tâm Học liệu Trường Đại học Trà Vinh | ||


